Health psychology, (Record no. 11324)
[ view plain ]
| 000 -LEADER | |
|---|---|
| fixed length control field | 00425nam a2200169Ia 4500 |
| 003 - CONTROL NUMBER IDENTIFIER | |
| control field | OSt |
| 005 - DATE AND TIME OF LATEST TRANSACTION | |
| control field | 20230321131827.0 |
| 008 - FIXED-LENGTH DATA ELEMENTS--GENERAL INFORMATION | |
| fixed length control field | 230307s9999 xx 000 0 und d |
| 020 ## - INTERNATIONAL STANDARD BOOK NUMBER | |
| International Standard Book Number | 9789353164799 |
| 028 ## - PUBLISHER NUMBER | |
| Source | McGraw-Hill Education |
| 082 ## - DEWEY DECIMAL CLASSIFICATION NUMBER | |
| Classification number | 616.0019 |
| Item number | TAY |
| 100 ## - MAIN ENTRY--PERSONAL NAME | |
| Personal name | Shelley Taylor, 2014 |
| 245 #0 - TITLE STATEMENT | |
| Title | Health psychology, |
| 260 ## - PUBLICATION, DISTRIBUTION, ETC. (IMPRINT) | |
| Place of publication, distribution, etc | India |
| Name of publisher, distributor, etc | McGraw Hill Education |
| Date of publication, distribution, etc | 2018 |
| 300 ## - PHYSICAL DESCRIPTION | |
| Extent | 444pages |
| 942 ## - ADDED ENTRY ELEMENTS (KOHA) | |
| Source of classification or shelving scheme | |
| Withdrawn status | Lost status | Source of classification or shelving scheme | Damaged status | Koha normalized classification for sorting | Not for loan | Permanent location | Current location | Date acquired | Source of acquisition | Cost, normal purchase price | Full call number | Barcode | Date last seen | Cost, replacement price | Price effective from | Koha item type |
|---|---|---|---|---|---|---|---|---|---|---|---|---|---|---|---|---|
| 616_001900000000000_TAY | BMS College of Architecture, Design and Planning | BMS College of Architecture, Design and Planning | 2023-03-16 | 10 | 520.00 | 616.0019 TAY | AR-UG2978 | 2023-03-16 | 650.00 | 2023-03-16 | UG Books | |||||
| 616_001900000000000_TAY | BMS College of Architecture, Design and Planning | BMS College of Architecture, Design and Planning | 2023-03-16 | 10 | 520.00 | 616.0019 TAY | AR-UG2979 | 2023-03-16 | 650.00 | 2023-03-16 | UG Books | |||||
| 616_001900000000000_TAY | BMS College of Architecture, Design and Planning | BMS College of Architecture, Design and Planning | 2023-03-16 | 10 | 520.00 | 616.0019 TAY | AR-UG2980 | 2023-03-16 | 650.00 | 2023-03-16 | UG Books | |||||
| 616_001900000000000_TAY | BMS College of Architecture, Design and Planning | BMS College of Architecture, Design and Planning | 2023-03-16 | 10 | 520.00 | 616.0019 TAY | AR-UG2981 | 2023-03-16 | 650.00 | 2023-03-16 | UG Books | |||||
| 616_001900000000000_TAY | BMS College of Architecture, Design and Planning | BMS College of Architecture, Design and Planning | 2023-03-16 | 10 | 520.00 | 616.0019 TAY | AR-UG2982 | 2023-03-16 | 650.00 | 2023-03-16 | UG Books |